000 00503nam a2200121 a 4500
008 120416s9999 xx |||||||||||||| || u
050 _aTD 511 App
100 _aCecil, Lawrence K
245 1 0 _aApplication of new concepts of physical-chemical waste water treatment
_cedited by W. W. Eckenfelder
350 _a0.00
700 _aEckenfelder, William Wesley
995 _D0.00
_FCBU-MAIN LIBRARY (Kitwe)
_H1
_I45.00
_M1
_UDAMAGED
_ZMain Library Open Access Collection
999 _c34520
_d34520